Kumman maan lippu... - Statistics

Yleistilastot
  • Tätä visaa on pelattu 31 kertaa
  • Keskiarvotulos 10 / 16
Vastaustilastot
Kysymys Vastaus % Oikein
sisältää ristin Tanska
93%
sisältää kasvin Libanon
86%
koostuu pystysuorista raidoista Belgia
83%
sisältää enemmän värejä Etelä-Sudan
72%
sisältää kuunsirpin Pakistan
72%
sisältää Daavidin tähden Marokko
69%
sisältää auringon Molemmat
66%
sisältää enemmän tähtiä Australia
62%
sisältää ympyrän Laos
62%
sisältää yli kolmea eri väriä Etelä-Korea
55%
sisältää eläimen Kazakstan
55%
sisältää kolmion Molemmat
48%
on neliö Molemmat
41%
on symmetrinen Intia
38%
sisältää tekstiä Molemmat
31%
sisältää miekan Molemmat
28%
Ehtoja vastaavia visoja ei löytynyt
Tulosjakauma
Jokaisen tuloksen saaneiden osuus
Persentiili vastausten määrän mukaan
Tuloshistoriasi
Et ole pelannut tätä visaa